Human Society (Record no. 23603)
[ view plain ]
| 000 -LEADER | |
|---|---|
| fixed length control field | 00844 a2200181 4500 |
| 003 - CONTROL NUMBER IDENTIFIER | |
| control field | NUST |
| 005 - DATE AND TIME OF LATEST TRANSACTION | |
| control field | 20170517170514.0 |
| 008 - FIXED-LENGTH DATA ELEMENTS--GENERAL INFORMATION | |
| fixed length control field | 170517b xxu||||| |||| 00| 0 eng d |
| 020 ## - INTERNATIONAL STANDARD BOOK NUMBER | |
| International Standard Book Number | 8122903185 |
| 040 ## - CATALOGING SOURCE | |
| Original cataloging agency | DLC |
| Language of cataloging | DLC |
| Transcribing agency | RCMS |
| 082 ## - DEWEY DECIMAL CLASSIFICATION NUMBER | |
| Classification number | 301 DAV |
| 100 ## - MAIN ENTRY--PERSONAL NAME | |
| Personal name | Kingsley Davis |
| 9 (RLIN) | 1004 |
| 245 ## - TITLE STATEMENT | |
| Title | Human Society |
| 260 ## - PUBLICATION, DISTRIBUTION, ETC. | |
| Place of publication, distribution, etc. | Delhi |
| Name of publisher, distributor, etc. | Surjeet Publications |
| Date of publication, distribution, etc. | c2007. |
| 300 ## - PHYSICAL DESCRIPTION | |
| Extent | 655 p. |
| Other physical details | ill; |
| Dimensions | 20 cm. |
| 500 ## - GENERAL NOTE | |
| General note | Paperbinding |
| 538 ## - SYSTEM DETAILS NOTE | |
| Display text | Shelf # 13, Row # 1, Fiction. |
| 856 ## - ELECTRONIC LOCATION AND ACCESS | |
| Materials specified | Table of Contents Only. |
| 942 ## - ADDED ENTRY ELEMENTS (KOHA) | |
| Koha item type | Book |
| Call number prefix | 301 DAV |
| Source of classification or shelving scheme | |
| Withdrawn status | Lost status | Source of classification or shelving scheme | Damaged status | Not for loan | Permanent Location | Current Location | Shelving location | Date acquired | Total Checkouts | Full call number | Barcode | Date last seen | Price effective from | Koha item type |
|---|---|---|---|---|---|---|---|---|---|---|---|---|---|---|
| Central Library (CL) | Central Library (CL) | General Stacks | 12/19/2013 | 301DAV | RCMS000765 | 12/19/2013 | 12/19/2013 | Book | ||||||
| School of Interdisciplinary Engineering and Sciences (SINES) | School of Interdisciplinary Engineering and Sciences (SINES) | General Stacks | 12/19/2013 | 301DAV | RCMS000764 | 12/19/2013 | 12/19/2013 | Book |
